=LDR 00000nam 2200000 4500 =001 INLIS000000000015214 =005 20130612110508 =008 ***********************************Ind** =035 ##$$0010-061300000015214 =041 ##$$a Ind =082 ##$$a 621.88 =090 ##$$a 621.88 =100 ##$$a Nipius, N.P =245 ##$$a Teknik Penambatan Pada Membubut, Teknik Mekanis untuk Pendidikan Kejuruan Lanjutan, N.P.Nipius =260 ##$$a 1983 $b Jakarta =300 ##$$a III,141, Ilus, 21 cm =650 ##$$a Penambatan (Pemesinan) =700 ##$$a Anwir =850 ##$$a NBPNMAT